El culto a la información : el folclore de los ordenadores y el verdadero arte de pensar /

Estudio crítico acerca del papel que las computadoras han ido adquiriendo en la vida cotidiana de las sociedades occidentales contemporáneas. Aquí, el autor se esfuerza por mostrar lo que puede y lo que no puede hacer una computadora y explica el porqué las nociones fundamentales de libertad o justi...

ver descrição completa

Na minha lista:
Detalhes bibliográficos
Autor principal: Roszak, Theodore (autor)
Formato: Livro
Idioma:espanhol
Publicado em: Barcelona, España : Crítica, 1988, c1988
coleção:(Serie General ; Estudios y Ensayos) 177 .
Assuntos:
Tags: Adicionar Tag
Sem tags, seja o primeiro a adicionar uma tag!

MARC

LEADER 00000nam^a2200000^a^4500
001 000183677
005 20250521000000.0
009 20260310102048.228
020 |a 84-7423-345-3 
037 |a Acervo ITESO - Biblioteca 
041 |a ESP 
082 |a 303. 483  |b ROS 
100 |a Roszak, Theodore  |e (autor) 
245 1 3 |a El culto a la información :  |b el folclore de los ordenadores y el verdadero arte de pensar /  |c T. Roszak ; tr. por Jordi Beltrán. 
264 4 |a Barcelona, España :  |b Crítica,  |c 1988, c1988 
300 |a 276 p. 
336 |a texto  |b txt  |2 rdacontenido 
337 |a sin mediación  |b n  |2 rdamedio 
338 |a volumen  |b nc  |2 rdasoporte 
440 1 |a (Serie General ;  |v 177 .  |p Estudios y Ensayos) 
500 |a Traducción de: The Cult of Information. The Folklore of Computers and the True Art of Thinking 
520 |a Estudio crítico acerca del papel que las computadoras han ido adquiriendo en la vida cotidiana de las sociedades occidentales contemporáneas. Aquí, el autor se esfuerza por mostrar lo que puede y lo que no puede hacer una computadora y explica el porqué las nociones fundamentales de libertad o justicia no son computables, el porqué los descubrimientos científicos no son fruto de un disco duro o porqué éstos son incapaces de refutar una idea malevola. 
649 |a XX 
650 |a Computadoras -  |x Aspectos Sociales y Culturales 
650 |a Información -  |x Administración 
650 |a Mediación de la Comunicación 
650 |a Medios de Comunicación 
650 |a Redes de Computadoras 
650 |a Desarrollo Tecnológico 
650 |a Informática 
650 |a Poder (Ciencias Sociales) 
650 |a Igualdad y Desigualdad 
650 |a Psicología Cognitiva 
650 |a Inteligencia 
650 |a Conocimiento 
650 |a Memoria 
650 |a Percepción 
650 |a Bibliotecas 
650 |a Prácticas Culturales 
650 |a Cambios Sociales y Culturales 
650 |a Comunicación Masiva 
650 |a Cultura de Masas 
650 |a Sociedad Postindustrial 
650 |a Tecnología y Sociedad 
650 |a Sociología 
910 |a Fondo General 
920 |a Impresos - Libros 
930 |a Colección General 
905 |a 101 
901 |a 0500124052  |b IT1  |c ACC  |u 20250521 
902 |a https://opac.biblio.iteso.mx/vufind/Record/000183677